Mystery Geography Fact No 2 - Statistics

General Stats
  • This quiz has been taken 52 times
  • The average score is 5 of 9
Answer Stats
Answer % Correct
The
83%
The
83%
Is
68%
In
61%
Smallest
49%
USA
46%
Island
37%
State
32%
Rhode
27%
No matching quizzes found
Score Distribution
Percent of People with Each Score
Percentile by Number Answered
Your Score History
You have not taken this quiz